| 000 | 00620nam a22001577a 4500 | ||
|---|---|---|---|
| 999 |
_c518277 _d518277 |
||
| 008 | 210902b ||||| |||| 00| 0 eng d | ||
| 100 |
_aBjorkman, James Warner _929053 |
||
| 245 | _aFrameworks of accountability in health care | ||
| 260 | _aAdministrative Change | ||
| 300 | _a45(2), Jan-Dec, 2018: p.49-65 | ||
| 520 | _aFollowing comments on the concept of accountability and a description of the complex field of health services, this easy explores four frameworks. – Reproduced | ||
| 650 |
_aEarth care, Health services _929054 |
||
| 773 | _aAdministrative Change | ||
| 906 | _aENVIRONMENT | ||
| 942 | _cAR | ||